Marketing of tourism experiences (Record no. 18266)

MARC details
000 -LEADER
fixed length control field 00446nam a2200169Ia 4500
008 - FIXED-LENGTH DATA ELEMENTS--GENERAL INFORMATION
fixed length control field 230917s9999||||xx |||||||||||||| ||und||
020 ## - ISBN
Price RS695
040 ## - CATALOGING SOURCE
-- 232046
Original cataloging agency VIVEKANANDA LIBRARY
041 ## - Language
-- English
082 ## - DDC NUMBER
Classification number 338.4791 S85M
100 ## - MAIN ENTRY--PERSONAL NAME
Personal name Scott, Noel, ed.
245 #0 - TITLE STATEMENT
Title Marketing of tourism experiences
260 ## - PUBLICATION, DISTRIBUTION, ETC. (IMPRINT)
Place of publication, distribution, etc London
Name of publisher, distributor, etc Routledge
Date of publication, distribution, etc 2014
300 ## - PHYSICAL DESCRIPTION
Pages vi, 277 p.
500 ## - GENERAL NOTE
General note 2288 11/02/2016 HBD15/1623 13/02/2016 IHTM (SFS)
942 ## - ADDED ENTRY ELEMENTS (KOHA)
Koha item type Books
Holdings
Withdrawn status Lost status Damaged status Not for loan Location (home branch) Sublocation or collection (holding branch) Shelving location Date acquired Koha issues (times borrowed) Koha full call number Accession No. Koha date last seen Koha item type
        VIVEKANANDA LIBRARY VIVEKANANDA LIBRARY IHTM Library 31/03/2016   338.4791 S85M 352170 17/09/2023 Books
        VIVEKANANDA LIBRARY VIVEKANANDA LIBRARY IHTM Library 31/03/2016   338.4791 S85M 352171 17/09/2023 Books
        VIVEKANANDA LIBRARY VIVEKANANDA LIBRARY IHTM Library 31/03/2016   338.4791 S85M 352172 17/09/2023 Books
© Designed and Maintained by Vivekananda Library, MDU Rohtak